<?xml version="1.0" encoding="UTF-8"?>
<collection xmlns="http://www.loc.gov/MARC21/slim">
 <record>
  <leader>01200nam a22002415a 4500</leader>
  <controlfield tag="001">EEA.libagro010548</controlfield>
  <controlfield tag="008">151026s2015####ag#a##########000#0#spa#d</controlfield>
  <controlfield tag="005">20240418120911.0</controlfield>
  <datafield tag="245" ind1="1" ind2="0">
   <subfield code="a">Buenas prácticas agrícolas con desarrollo local para el sudoeste bonaerense /</subfield>
   <subfield code="c">Tomás Loewy ... [et al.].</subfield>
  </datafield>
  <datafield tag="260" ind1=" " ind2=" ">
   <subfield code="a">Bahía Blanca :</subfield>
   <subfield code="b">EdiUNS,</subfield>
   <subfield code="c">2015.</subfield>
  </datafield>
  <datafield tag="300" ind1=" " ind2=" ">
   <subfield code="a">105 p. :</subfield>
   <subfield code="b">il. col., mapas ;</subfield>
   <subfield code="c">21 cm.</subfield>
  </datafield>
  <datafield tag="490" ind1="1" ind2=" ">
   <subfield code="a">Serie Extensión. Colección Ciencias y Tecnología</subfield>
  </datafield>
  <datafield tag="505" ind1="0" ind2=" ">
   <subfield code="a">Capítulo 1: Con la historia en nuestra memoria: Revisemos nuestro presente -- Capítulo 2: Transiciones hacia otra ruralidad en el sudoeste bonaerense -- Capítulo 3: Guía operativa, preliminar, de buenas prácticas agrícolas (BPA) -- Consideración final -- Anexo I: Un presente crítico -- Anexo II: Mostrando las buenas prácticas agrícolas.</subfield>
  </datafield>
  <datafield tag="020" ind1=" " ind2=" ">
   <subfield code="a">9789876550604</subfield>
  </datafield>
  <datafield tag="100" ind1="1" ind2=" ">
   <subfield code="a">Loewy, Tomás.</subfield>
  </datafield>
  <datafield tag="700" ind1="1" ind2=" ">
   <subfield code="a">Saldungaray, María Cecilia.</subfield>
  </datafield>
  <datafield tag="700" ind1="1" ind2=" ">
   <subfield code="a">Ángeles, Guillermo R.</subfield>
  </datafield>
  <datafield tag="700" ind1="1" ind2=" ">
   <subfield code="a">Milano, Fernando A.</subfield>
  </datafield>
  <datafield tag="700" ind1="1" ind2=" ">
   <subfield code="a">Campaña, Domingo H.</subfield>
  </datafield>
  <datafield tag="700" ind1="1" ind2=" ">
   <subfield code="a">Álamo, Matías A.</subfield>
  </datafield>
  <datafield tag="082" ind1="0" ind2="4">
   <subfield code="a">633</subfield>
  </datafield>
  <datafield tag="859" ind1=" " ind2=" ">
   <subfield code="a">AR-BbBCA</subfield>
   <subfield code="b">BIB. AGRONOMIA</subfield>
   <subfield code="h">633</subfield>
   <subfield code="i">L827</subfield>
   <subfield code="p">2015/6611</subfield>
  </datafield>
  <datafield tag="859" ind1=" " ind2=" ">
   <subfield code="a">AR-BbBCA</subfield>
   <subfield code="b">BIB. AGRONOMIA</subfield>
   <subfield code="h">633</subfield>
   <subfield code="i">L827</subfield>
   <subfield code="p">2024/7354</subfield>
   <subfield code="t">Ej.2</subfield>
  </datafield>
 </record>
</collection>
